| 000 | 00474nam a2200157Ia 4500 | ||
|---|---|---|---|
| 008 | 151021s9999 xx 000 0 und d | ||
| 020 | _a9.7800730483e+012 | ||
| 050 | _aQA 276.12.B59 2007 | ||
| 245 | _a_Elementary Statistics A step by step A pproach [6th ed.] Allan G Bluman | ||
| 260 | _aNew York McGraw-Hill 2007 | ||
| 300 | _axxx,737p. | ||
| 500 | _aIncludes index | ||
| 500 | _aIncludes index | ||
| 650 | _a_Statistics | ||
| 980 | _a^d20140327 03:51:07^okorir | ||
| 999 |
_c14825 _d14825 |
||